1966 FIFA World Cup Host Cities and Stadiums - Statistics

General Stats
  • This quiz has been taken 56 times
  • The average score is 11 of 15
Answer Stats
Picture Hint Answer % Correct
England Birmingham
97%
England Liverpool
97%
England London
97%
England Manchester
97%
9 games | Capacity: 98.600 Wembley Stadium
97%
3 games | Capacity: 58.000 Old Trafford
91%
England Sheffield
86%
3 games | Capacity: 52.000 Villa Park
86%
5 games | Capacity: 50.151 Goodison Park
83%
England Middlesbrough
66%
England Sunderland
63%
4 games | Capacity: 42.730 Hillsborough Stadium
60%
4 games | Capacity: 40.310 Roker Park
46%
1 game | Capacity: 76.567 White City Stadium
40%
3 games | Capacity: 40.000 Ayresome Park
37%
No matching quizzes found
Score Distribution
Percent of People with Each Score
Percentile by Number Answered
Your Score History
You have not taken this quiz